000 01467nam0a2200349 4500
001 RU\NLR\BIBL_A\022730136
005 20260615151722.0
010 _a978-5-389-27261-3
_93000
021 _aRU
_bКН-П-25-080777
_9КН-П-25-7824
035 _a(NLR Aleph) 022730136
090 _a13731731
_c13731731
100 _a20260217d2025 km y0rusy50 ca
101 1 _arus
_ceng
102 _aRU
105 _aa j 000yy
181 0 _ai
_b xxe
182 0 _an
200 1 _aАнтициник
_eпутеводитель для разочарованных идеалистов
_eпрактическое рукоаводство
_fДжамиль Заки
_gперевод с английского языка Екатерины Мясниковой
203 _aТекст
_bвизуальный
_cнепосредственный
210 _aМосква
_cАзбука, КоЛибри Fiction
_d2025
215 _a350, [1] с.
_cил.
_d22
225 1 _aПопулярная психология для бизнеса и жизни
300 _aВ аннот. авт.: проф. Стэнфорда Д. Заки
320 _aБиблиогр. в примеч.: с. 307–351 и в подстроч. примеч.
333 _a18+
606 1 _aИмморализм
_92132811
_3RU\NLR\AUTH\661286507
686 1 _aЮ707.15
700 1 _aЗаки
_bД.
_gДжамиль
942 _cBOOK
980 _aNB